000 00587nam a2200181Ia 4500
008 100917s9999 xx 000 0 und d
082 _b31778
100 _aरजनीश भगवान
245 _aदिव्याखाली अंधार
260 _bजीवन जागृती प्रकाशन
_c1976
300 _a50
365 _b3
520 _aअध्यात्म
630 _aदिव्याखाली अंधार
650 _aअध्यात्म
730 _aदिव्याखाली अंधार
942 _cBOOK
999 _c637172
_d637169